Consumo de pescado y fauna acuática en la Cuenca Amazónica Venezolana : análisis de nueve casos de estudio entre comunidades indígenas (Registro nro. 8502)

Detalles MARC
000 -CABECERA
Campo de control 00832nam a22002057a 4500
005 - FECHA Y HORA DE LA ULTIMA TRANSACCION
Campo de control 20140702152648.0
008 - ELEMENTOS DE LONGITUD FIJA—INFORMACION GENERAL
Campo de control 140310b2011 it |||||r||||a00| 0 spa d
041 ## - IDIOMA
Código de idioma para texto/pista de sonido o título separado Español
044 ## - PAÍS DE PUBLICACIÓN
País de publicación Colombia
082 ## - NUMERO DE CLASIFICACION DECIMAL DEWEY
Número de clasificación 664.94
Número del ítem L347c
100 1# - ASIENTO PRINCIPAL--NOMBRE PERSONAL
Nombre personal Lasso, Carlos
245 10 - MENCION DE TITULO
Título Consumo de pescado y fauna acuática en la Cuenca Amazónica Venezolana : análisis de nueve casos de estudio entre comunidades indígenas
Mención de responsabilidad Carlos Lasso
260 ## - PUBLICACION, DISTRIBUCION, ETC. (PIE DE IMPRENTA)
Lugar de publicación, distribución, etc. Roma
Nombre del editor, distribuidor, etc. Autoridad Nacional de Acuicultura y Pesca - AUNAP
-- Ministerio de Agricultura y Desarrollo Rural
-- FAO
-- Fedeacua
Fecha de publicación, distribución, etc. 2011
300 ## - DESCRIPCION FISICA
Extensión 28 p.
Otros detalles físicos tablas
Dimensiones 28 cm.
490 ## - MENCION DE SERIE
Mención de serie COPESCAALC documento Ocasional
Designación numérica/secuencial del volumen 15
650 #4 - ASIENTO SECUNDARIO DE MATERIA - TERMINO TEMATICO
Término temático o nombre geográfico como elemento de entrada Consumo de pescado
Subdivisión geográfica Venezuela
650 #4 - ASIENTO SECUNDARIO DE MATERIA - TERMINO TEMATICO
Término temático o nombre geográfico como elemento de entrada Consumo de fauna acuática
Subdivisión geográfica Venezuela
651 ## - ASIENTO SECUNDARIO DE MATERIA - NOMBRE GEOGRAFICO
Nombre geográfico Venezuela
Subdivisión geográfica Cuenca Amazónica
942 ## - ELEMENTOS ADICIONALES (KOHA)
Sistema de clasificación Dewey Decimal Classification
Tipo de ítem Impreso
Existencias
Withdrawn status Lost status Sistema de Clasificación Damaged status No para préstamo Colección Inventariado Ubicación Permanente Ubicación actual Fecha de adquisición Fuente de Valor Valor Total Checkouts Número topográfico Inventario / Código de Barras Date last seen Ejemplar Price effective from Forma de adquisición Tipo de material
    Dewey Decimal Classification     General Inventariado 2017 Bogotá Bogotá 02/07/2014 Instituto 39000.00   LB-664.94 L347c 029580 02/07/2014 Ej. 1 02/07/2014   Libro